[Event "Ch Poland (team) (2nd liga)"]
[Site "masterchessopen.com – Ustron (Poland)"]
[Date "2008.09.08"]
[Round "3"]
[White "Wcislo Damian (POL)"]
[Black "Rawski Slawomir (POL)"]
[Result "1-0"]
[WhiteElo "2219"]
[BlackElo "2213"]

1.d4 Nf6 2.c4 g6 3.Nc3 d5 4.Qb3 dxc4 5.Qxc4 Bg7 6.e4 O-O 7.Be2 a6 8.Bf4 b5
9.Qxc7 b4 10.Na4 Qxd4 11.Rd1 Qxe4 12.Nb6 Nh5 13.Be3 Bg4 14.Bf3 Bxf3 15.gxf3
Qe6 16.Nxa8 Nc6 17.Nb6 Bxb2 18.Nd5 f5 19.Qxc6 {#r} 1-0

[Event "Ch Commonwealth"]
[Site "masterchessopen.com – Nagpur (India)"]
[Date "2008.09.28"]
[Round "1"]
[White "Krishna Teja N (IND)"]
[Black "Karavade Eesha (IND)"]
[Result "0-1"]
[WhiteElo "1766"]
[BlackElo "2386"]

1.d4 Nf6 2.c4 g6 3.Nc3 d5 4.Qb3 dxc4 5.Qxc4 Bg7 6.Bf4 Na6 7.e3 O-O 8.Qa4 c5
9.Bxa6 cxd4 10.Rd1 bxa6 11.Rxd4 Qb6 12.Rb4 Qe6 13.Nge2 Nd7 14.Re4 Nc5 15.Rxe6
Nxa4 16.Rxe7 Nxb2 17.O-O Be6 18.Rb1 Nd3 19.Rbb7 Nxf4 20.Nxf4 Bxc3 21.Nxe6 fxe6
22.Rxh7 Rab8 23.g3 Rxb7 24.Rxb7 Rf7 25.Rb3 Rc7 26.Kg2 a5 27.a4 Bb4 28.Rb2 Rc4
29.Ra2 Kf7 30.h4 Kf6 31.Kf3 Ke5 32.Ke2 Rc3 33.Kf3 Ra3 34.Rxa3 Bxa3 35.Ke2 Be7
36.Kd3 Kd5 37.f3 Bf6 38.e4+ Kc5 39.f4 Kb4 40.e5 Be7 41.Kd4 Kxa4 42.Kc4 Ka3
43.Kc3 {#R} 0-1

[Event "Ch Commonwealth"]
[Site "masterchessopen.com – Nagpur (India)"]
[Date "2008.09.30"]
[Round "3"]
[White "Krishna Teja N (IND)"]
[Black "Anuprita Patil (IND)"]
[Result "0-1"]
[WhiteElo "1766"]
[BlackElo "2065"]

1.d4 Nf6 2.c4 g6 3.Nc3 d5 4.Qb3 dxc4 5.Qxc4 Bg7 6.e4 c6 7.Bf4 O-O 8.Rd1 b5
9.Qb3 Qa5 10.Bd2 b4 11.Na4 Nxe4 12.Bxb4 Qc7 13.Nf3 Na6 14.Bd2 Rb8 15.Qc2 Nxd2
16.Qxd2 Rd8 17.Be2 e5 18.Qc3 exd4 19.Qd2 d3 20.Bxd3 Bf5 21.O-O Bxd3 22.Rfe1
Bb5 23.Qc2 Nb4 24.Qb3 Nd3 25.Re3 Bxa4 26.Qxa4 Nxb2 27.Qc2 Rxd1+ 28.Ne1 Qd7
29.h3 Bd4 30.Re2 c5 31.Kh2 Qd6+ 32.g3 Qd5 33.Ng2 Kg7 34.a3 Qc4 35.Rd2 Qxc2
36.Rxc2 Ra1 37.Nf4 Rxa3 38.Kg1 Nd3 39.Nxd3 Rxd3 40.Ra2 c4 41.Kf1 c3 42.Ke2
Rd2+ 43.Rxd2 cxd2 44.Kxd2 Bxf2 45.g4 h5 46.gxh5 gxh5 {#R} 0-1

[Event "Cup Ugra"]
[Site "masterchessopen.com – Khanty Mansyisk (Russia)"]
[Date "2008.10.21"]
[Round "7"]
[White "Gasanov Eldar (UKR)"]
[Black "Lozhnikov V (KAZ)"]
[Result "1-0"]
[WhiteElo "2550"]
[BlackElo "2117"]

1.d4 Nf6 2.c4 g6 3.Nc3 d5 4.Qb3 dxc4 5.Qxc4 Bg7 6.e4 O-O 7.Be2 Nfd7 8.Be3 Nb6
9.Qc5 f5 10.Nh3 N8d7 11.Qa3 Nf6 12.Qb3+ e6 13.exf5 gxf5 14.Nf4 Nfd5 15.Nfxd5
Nxd5 16.Rd1 Qd6 17.g3 Bd7 18.Nxd5 Qxd5 19.Qxd5 exd5 20.Bf4 c6 21.Bd6 Rfe8
22.f4 Re6 23.Be5 c5 24.Kf2 Bxe5 25.dxe5 Bc6 26.Rc1 b6 27.b4 c4 28.Rcd1 Rae8
29.Rd4 Rd8 30.Bxc4 {#r} 1-0

[Event "Tournament (a)"]
[Site "masterchessopen.com – Donostia (Spain)"]
[Date "2008.11.01"]
[Round "2"]
[White "Tejedor Txapartegui Nabar (ESP)"]
[Black "Puga Senar Fernando (ESP)"]
[Result "0-1"]
[WhiteElo "2051"]
[BlackElo "1704"]

1.d4 Nf6 2.c4 g6 3.Nc3 d5 4.Qb3 dxc4 5.Qxc4 Be6 6.Qd3 Bg7 7.e4 O-O 8.Nf3 Nc6
9.Be2 Bg4 10.Be3 Re8 11.O-O Bxf3 12.Bxf3 Ne5 13.Qe2 Nxf3+ 14.Qxf3 e5 15.d5 a6
16.Rfd1 Qd6 17.Rac1 Rac8 18.a3 c6 19.dxc6 Qxc6 20.Nd5 Qe6 21.Nc7 Rxc7 22.Rxc7
Qb3 23.Bg5 Qb6 24.Rdc1 Rf8 25.Rc8 h6 26.Rxf8+ Kxf8 27.Bxf6 Bxf6 28.Rc8+ Kg7
29.Qc3 Qd6 30.h3 Bg5 31.Qc2 h5 32.Rc7 b6 33.Qc4 Be7 34.Rc6 Qd1+ 35.Kh2 Qd2
36.Qd5 Qxf2 37.Qxe5+ Bf6 38.Qc7 Qxb2 39.Qxb6 Be5+ 40.Kh1 Qa1+ 41.Qg1 Qxa3
42.Rc5 Bf4 43.Qd4+ f6 44.Qd7+ Kh6 45.Rd5 Qg3 {#R} 0-1

[Event "Ch Region (1 liga)"]
[Site "masterchessopen.com – Samara (Russia)"]
[Date "2008.12.08"]
[Round "4"]
[White "Koltunovsky Evgeny (RUS)"]
[Black "Fomichev Sergey (RUS)"]
[Result "0-1"]
[WhiteElo "1768"]
[BlackElo "2067"]

1.d4 g6 2.c4 Nf6 3.Nc3 d5 4.Qb3 dxc4 5.Qxc4 Bg7 6.Bf4 c6 7.Rd1 Qa5 8.b4 Qf5
9.e3 Na6 10.b5 Be6 11.Qa4 cxb5 12.Bxb5+ Bd7 13.Bxd7+ Nxd7 14.Rb1 Nc5 15.Qd1
Nd3+ 16.Kf1 Nxf4 17.exf4 Qxf4 18.Rxb7 Qxd4 19.Qxd4 Bxd4 20.Nd5 Rc8 21.Ne2 Bc5
22.g3 e6 23.Nc7+ Kd8 24.Nb5 Ra8 25.Kg2 a6 26.Rd1 axb5 27.Rdxd7+ Ke8 28.Rxf7
Rf8 29.Rxf8+ Kxf8 30.Nf4 Ra6 31.Rxb5 Bd4 32.Rb7 e5 33.Ne2 Ba1 34.Nc1 h5 35.Kf3
Bd4 36.Ke2 Rc6 37.Nb3 Rc2+ 38.Kd3 Rxf2 39.Nxd4 exd4 40.a4 Rxh2 41.a5 Ra2
42.Ra7 Ra4 43.a6 Ra3+ 44.Kxd4 Rxg3 {#R} 0-1

[Event "Ch Region"]
[Site "masterchessopen.com – Vladimir (Russia)"]
[Date "2008.12.12"]
[Round "3"]
[White "Novorchuk Nikolay (RUS)"]
[Black "Vysotsky Alexander (RUS)"]
[Result "0-1"]
[WhiteElo "2100"]
[BlackElo "2039"]

1.d4 Nf6 2.c4 g6 3.Nc3 d5 4.Qb3 dxc4 5.Qxc4 Bg7 6.e4 c6 7.Be2 O-O 8.Be3 Be6
9.Qd3 Na6 10.Nf3 Ng4 11.Bf4 Qb6 12.h3 Nf6 13.O-O Rad8 14.b3 Qa5 15.Rfc1 Bc8
16.a3 c5 17.d5 e6 18.d6 Nb8 19.e5 Nfd7 20.Ne4 Nc6 21.b4 cxb4 22.axb4 Qd5
23.Rxc6 bxc6 24.Ra5 Qxd3 25.Bxd3 Nb6 26.Bg5 Rd7 27.Nc5 h6 28.Be7 Rxe7 29.dxe7
Re8 30.Rxa7 Nd5 31.b5 cxb5 32.Bxb5 Rxe7 33.Ra8 Rc7 34.Na6 Rc1+ 35.Kh2 Kh7
36.Nb8 Nc7 37.Bc6 Rxc6 38.Nxc6 Nxa8 39.Ncd4 Nb6 40.Nc6 Bb7 41.Ncd4 Nc4 {#R}
0-1

[Event "It \"]
[Site "masterchessopen.com – Alushta (Ukraine)"]
[Round "4"]
[White "Shtyrenkov Veniamen (RUS)"]
[Black "Otchiyev Arslan (TKM)"]
[Result "0-1"]
[WhiteElo "2365"]
[BlackElo "2320"]

1.d4 Nf6 2.c4 g6 3.Nc3 d5 4.Qb3 dxc4 5.Qxc4 Nbd7 6.Nf3 Nb6 7.Qd3 Bg7 8.e4 c6
9.h3 O-O 10.Qc2 Qc7 11.Be3 Nfd7 12.a4 a5 13.Qb3 Qd6 14.Na2 c5 15.d5 f5 16.Nc3
fxe4 17.Ng5 Nf6 18.O-O-O Bd7 19.Bb5 c4 20.Qc2 Rac8 21.Ngxe4 Nxe4 22.Nxe4 Qb4
23.Bxb6 Bxb5 24.axb5 c3 25.b3 a4 26.bxa4 Qa3+ 27.Kb1 Qb4+ 28.Ka2 Ra8 29.Nc5
Rxa4+ 30.Nxa4 Ra8 {#R} 0-1

[Event "Ch Chigorin Chess Club"]
[Site "masterchessopen.com – St. Petersburg (Russia)"]
[Date "2009.05.21"]
[Round "3"]
[White "Salov Vitaly V (RUS)"]
[Black "Dodonov Vladimir (RUS)"]
[Result "1-0"]
[WhiteElo "2141"]
[BlackElo "1963"]

1.d4 Nf6 2.c4 g6 3.Nc3 d5 4.Qb3 dxc4 5.Qxc4 Bg7 6.Bf4 Na6 7.Rd1 O-O 8.Nf3 Bf5
9.Nh4 Bc2 10.Rd2 Be4 11.d5 Bf5 12.e4 Bc8 13.Be2 Nd7 14.Nf3 Nb6 15.Qd3 Bd7
16.O-O Nc5 17.Qe3 Nba4 18.Be5 Nxc3 19.bxc3 b6 20.Bd4 Nb7 21.Bxg7 Kxg7 22.e5
Nc5 23.e6 fxe6 24.dxe6 Nxe6 25.Ne5 Nc5 26.Rfd1 Ba4 27.Rxd8 Raxd8 28.Rd4 Rd6
29.Rh4 h5 {#r} 1-0

[Event "Tournament \"]
[Site "masterchessopen.com – Moscow (Russia)"]
[Date "2009.06.11"]
[Round "9"]
[White "Krivenko Sergey (RUS)"]
[Black "Shuvalov Evgenij (RUS)"]
[Result "0-1"]
[WhiteElo "2132"]
[BlackElo "2217"]

1.d4 Nf6 2.c4 g6 3.Nc3 d5 4.Qb3 dxc4 5.Qxc4 Bg7 6.e4 O-O 7.Bf4 Na6 8.Rd1 c5
9.dxc5 Qa5 10.c6 Nb4 11.cxb7 Bxb7 12.Bc7 Nc2+ 13.Kd2 Nxe4+ 14.Kxc2 Qf5 15.Bd3
Qxf2+ 16.Nge2 Nxc3 17.bxc3 Rac8 18.Qf4 Qc5 {#R} 0-1

[Event "It (open)"]
[Site "masterchessopen.com – Klatovy (Czech Republic)"]
[Round "0"]
[White "Kalista Karel (CZE)"]
[Black "Sterba Karel (CZE)"]
[Result "0-1"]
[WhiteElo "2008"]
[BlackElo "1882"]

1.d4 Nf6 2.c4 g6 3.Nc3 d5 4.Qb3 dxc4 5.Qxc4 Nc6 6.d5 Na5 7.Qd3 b6 8.e4 Bg7
9.Nf3 O-O 10.Be2 Nd7 11.Bf4 Nb7 12.O-O Re8 13.Rac1 e5 14.dxe6 Rxe6 15.Nb5 Nbc5
16.Rxc5 bxc5 17.Nxc7 Ba6 18.Nxa6 Ne5 19.Qxd8+ Rxd8 20.Nxc5 Nxf3+ 21.Bxf3 Rc6
22.Nb7 Rd7 23.e5 Rc2 24.Rb1 Re7 25.g3 Bxe5 26.Bxe5 Rxe5 27.a4 Re7 28.Kg2 Kg7
29.b3 Rd7 30.Na5 Rdc7 31.Nc4 Ra2 32.Rd1 Re7 33.Rd3 f5 34.Ne3 Rc7 35.Bd5 Kf6
36.Bc4 Kg7 37.h4 Re7 38.Rd6 Rxe3 39.Rd7+ Kf6 40.Rxa7 Rc3 41.a5 Rcc2 42.a6
Rxf2+ 43.Kg1 Rg2+ 44.Kf1 Rh2 45.Kg1 Rhb2 46.Rb7 Rb1+ 47.Bf1 Rxa6 48.Rxh7 Raa1
{#R} 0-1

[Event "Ch Norway"]
[Site "masterchessopen.com – Bergen (Norway)"]
[Date "2009.07.08"]
[Round "5"]
[White "Djurhuus Rune (NOR)"]
[Black "Bae Torstein (NOR)"]
[Result "1-0"]
[WhiteElo "2456"]
[BlackElo "2408"]

1.d4 Nf6 2.c4 g6 3.Nc3 d5 4.Qb3 dxc4 5.Qxc4 Bg7 6.e4 O-O 7.Be2 a6 8.Bf4 c6
9.Rd1 b5 10.Qb3 Qa5 11.Bf3 Bg4 12.Bxg4 Nxg4 13.Nf3 b4 14.Na4 Qb5 15.Rd3 Nd7
16.O-O e5 17.Bg3 Rac8 18.h3 exd4 19.Nxd4 Bxd4 20.Rxd4 Ngf6 21.Rxb4 Qe2 22.Qc4
Qd2 23.Rb7 Rce8 24.f3 Nh5 25.Be1 Qd6 26.Qb4 Qe6 27.Qb3 Qd6 28.Bf2 Ne5 29.Nc5
Nf4 30.Be3 Ne2+ 31.Kf2 Nd4 32.Rd1 Nexf3 33.Qc4 Qf6 34.Nd7 Qh4+ 35.g3 Qxh3
36.Bxd4 {#r} 1-0

[Event "It (open)"]
[Site "masterchessopen.com – Pardubice (Czech Republic)"]
[Date "2009.07.27"]
[Round "4"]
[White "Korennoi Viktor (RUS)"]
[Black "Pribyl Josef (CZE)"]
[Result "0-1"]
[WhiteElo "2247"]
[BlackElo "2372"]

1.d4 Nf6 2.c4 g6 3.Nc3 d5 4.Qb3 dxc4 5.Qxc4 Be6 6.Qb5+ Nc6 7.Nf3 Bd7 8.Qb3 Bg7
9.e4 O-O 10.h3 Ne8 11.Be3 Nd6 12.a3 e5 13.dxe5 Nxe5 14.Nxe5 Bxe5 15.Bd3 Be6
16.Qc2 Nc4 17.Bc1 c6 18.O-O b5 19.f4 Bd4+ 20.Kh1 Na5 21.f5 Bb3 22.Qe2 Qe7
23.Qg4 Rfe8 24.e5 Bxe5 25.Ne4 Rad8 26.Rf3 Bd1 27.fxg6 fxg6 28.Bg5 Bxf3 29.Qxf3
Qf7 30.Qe2 Rd5 31.Rf1 Qd7 32.Bf6 Qe6 33.Qd2 Rf8 34.Ng5 Rxf6 35.Qxa5 Rxd3
36.Re1 Qf5 {#R} 0-1

[Event "It (open)"]
[Site "masterchessopen.com – Borup (Denmark)"]
[Date "2009.09.12"]
[Round "8"]
[White "Jensen Simon Bekker"]
[Black "Antonsen Mikkel (DEN)"]
[Result "0-1"]
[WhiteElo "2415"]
[BlackElo "2438"]

1.c4 Nf6 2.d4 g6 3.Nc3 d5 4.Qb3 dxc4 5.Qxc4 Bg7 6.e4 O-O 7.Be2 Nc6 8.Be3 Ng4
9.Bxg4 Bxg4 10.h3 Nxd4 11.Bxd4 Be6 12.Nd5 Bxd4 13.Qxd4 c6 14.Rd1 cxd5 15.exd5
Bd7 16.Ne2 e5 17.Qd2 Ba4 18.b3 Bb5 19.Nc3 Ba6 20.d6 Qh4 21.a3 Rad8 22.Qd5 Rc8
23.g3 Qd8 24.Ne4 Rc2 25.Rd2 Qc8 26.Nf6+ Kh8 27.Rxc2 Qxc2 28.Qd2 Qf5 29.Qh6
Qb1+ 30.Kd2 Qd3+ {#R} 0-1

[Event "Memorial  Seishi Fujishima"]
[Site "masterchessopen.com – Campinas (Brazil)"]
[Date "2009.09.12"]
[Round "3"]
[White "De Moraes Francisco Jose Baena (BRA)"]
[Black "Dos Santos Erickson Cristiano (BRA)"]
[Result "1-0"]
[WhiteElo "1985"]
[BlackElo "1711"]

1.d4 Nf6 2.c4 g6 3.Nc3 d5 4.Qb3 c5 5.Qb5+ Nbd7 6.Nf3 cxd4 7.Nxd4 dxc4 8.Qxc4
Nb6 9.Qd3 e5 10.Qb5+ Nbd7 11.Nf3 a6 12.Qa4 b5 13.Nxb5 axb5 14.Qxa8 Bb4+ 15.Bd2
Nb6 16.Qc6+ Bd7 17.Qc2 Bf5 18.e4 Bxe4 19.Bxb5+ Nbd7 20.Bxd7+ Qxd7 21.Nxe5 Qe6
22.Qa4+ Nd7 23.Qxd7+ Qxd7 24.Nxd7 Be7 25.Bc3 Bxg2 26.Rg1 Rg8 27.O-O-O Bg5+
28.Kc2 Be4+ 29.Kb3 Be7 30.Nf6+ Bxf6 31.Bxf6 {#r} 1-0

[Event "Ch World (juniors) (under 20) (g)"]
[Site "masterchessopen.com – Puerto Madryn (Argentina)"]
[Date "2009.11.01"]
[Round "11"]
[White "Fernandez Maria (ARG)"]
[Black "Padmini Rout (IND)"]
[Result "0-1"]
[WhiteElo "2116"]
[BlackElo "2243"]

1.d4 Nf6 2.c4 g6 3.Nc3 d5 4.Qb3 dxc4 5.Qxc4 Bg7 6.e4 Nfd7 7.Be2 Nb6 8.Qd3 O-O
9.Be3 Nc6 10.Rd1 e5 11.Nf3 exd4 12.Nxd4 Ne5 13.Qb5 c6 14.Qc5 Qh4 15.Nf3 Nxf3+
16.Bxf3 h6 17.O-O Nd7 18.Qa5 b6 19.Qa3 Ne5 20.Be2 Be6 21.Qa6 Rfe8 22.Bd4 Red8
23.Bxe5 Bxe5 24.g3 Qf6 25.Rxd8+ Rxd8 26.Kg2 Rd2 27.Nd1 Rxb2 28.Nxb2 Bxb2
29.Bc4 Bd4 30.Bxe6 Qxe6 31.Kg1 Bxf2+ {#R} 0-1

[Event "Ch Provincial (final) (2 Etapa)"]
[Site "masterchessopen.com – Santa Clara (Cuba)"]
[Date "2009.11.04"]
[Round "1"]
[White "Alvarez Pedraza Aramis (CUB)"]
[Black "Depestre Pedro (CUB)"]
[Result "1-0"]
[WhiteElo "2460"]
[BlackElo "2157"]

1.d4 Nf6 2.c4 g6 3.Nc3 d5 4.Qb3 dxc4 5.Qxc4 Bg7 6.e4 O-O 7.Be2 a6 8.Be3 Ng4
9.Bxg4 Bxg4 10.f3 Bd7 11.Nge2 Nc6 12.O-O Re8 13.Rfd1 b5 14.Qd3 Qb8 15.Rac1 Na5
16.b3 Qb7 17.Qd2 Nc6 18.h4 e6 19.Bh6 Ne7 20.Ng3 b4 21.Bxg7 Kxg7 22.Qg5 Ng8
23.Nce2 f6 24.Qc5 Qb5 25.Qxc7 Rac8 26.Qd6 Rxc1 27.Rxc1 Rc8 28.Rxc8 Bxc8 29.Nf4
Kf7 30.d5 e5 31.Ne6 Ne7 32.Nc7 Qa5 33.Qd8 {#r} 1-0

[Event "Cup Governor's (open) (a)"]
[Site "masterchessopen.com – Khanty Mansyisk (Russia)"]
[Date "2009.12.01"]
[Round "9"]
[White "Landa Konstantin (RUS)"]
[Black "Nechepurenko Roman V (RUS)"]
[Result "1-0"]
[WhiteElo "2655"]
[BlackElo "2510"]

1.d4 Nf6 2.c4 g6 3.Nc3 d5 4.Qb3 dxc4 5.Qxc4 a6 6.Bf4 Nc6 7.Rd1 Bd7 8.Nf3 b5
9.Qb3 Bg7 10.e4 Bg4 11.d5 Na5 12.Qb4 Nh5 13.Be3 Bxf3 14.gxf3 Nb7 15.Ne2 Qd6
16.Qxd6 cxd6 17.Nd4 Nc5 18.b4 Na4 19.Rc1 O-O 20.Kd2 Rfc8 21.Bh3 f5 22.Nc6 Rc7
23.exf5 Nb2 24.fxg6 hxg6 25.Be6+ Kh7 26.Rhg1 Nc4+ 27.Ke2 Rf8 28.Rg4 Bh6
29.Rcg1 Rf6 30.Rxg6 Rxg6 31.Bf5 Nf4+ 32.Bxf4 Bxf4 33.Rxg6 Kh8 34.Rg4 Bh6 35.f4
e5 36.dxe6 d5 37.e7 Nd6 38.Rg6 {#r} 1-0

[Event "Ch Europe (w)"]
[Site "masterchessopen.com – Rijeka (Croatia)"]
[Date "2010.03.16"]
[Round "10"]
[White "Peng Zhaoqin (NED)"]
[Black "Danielian Elina (ARM)"]
[Result "1-0"]
[WhiteElo "2400"]
[BlackElo "2466"]

1.d4 Nf6 2.c4 g6 3.Nc3 d5 4.Qb3 dxc4 5.Qxc4 a6 6.Bf4 c6 7.Nf3 Bg7 8.e4 O-O
9.Be2 b5 10.Qd3 Nbd7 11.O-O Bb7 12.e5 Nh5 13.Be3 c5 14.Rad1 cxd4 15.Qxd4 Bxf3
16.Bxf3 Nxe5 17.Bxa8 Qxa8 18.Qh4 Nc4 19.Bc1 Nf6 20.b3 Nd6 21.Bg5 Qc6 22.Rc1
Nf5 23.Qb4 h6 24.Bxf6 Qxf6 25.Nd5 Qe5 26.Rcd1 e6 27.Rfe1 Qb8 28.Ne7+ Nxe7
29.Qxe7 Qb6 30.Qd6 Qa5 31.Re2 h5 32.g3 b4 33.h4 Bc3 34.Qc6 Kg7 35.Kg2 g5
36.Rd7 gxh4 37.gxh4 Rg8 38.Re3 Kf8+ 39.Kf1 Bf6 40.Qc8+ Kg7 41.Rg3+ Kh6 42.Qxg8
Qb5+ 43.Rdd3 {#r} 1-0

[Event "Ch Colombia (juniors) (under 20) (g)"]
[Site "masterchessopen.com – Bogota (Colombia)"]
[Date "2010.04.15"]
[Round "1"]
[White "Chirivi Yenny (COL)"]
[Black "Pachon Adriana (COL)"]
[Result "1-0"]
[WhiteElo "2227"]
[BlackElo "1923"]

1.d4 Nf6 2.c4 g6 3.Nc3 d5 4.Qb3 dxc4 5.Qxc4 Nc6 6.Nf3 Be6 7.Qa4 Bd5 8.e3 Bxf3
9.gxf3 a6 10.Bd2 Bg7 11.Ne4 Qd5 12.Rg1 O-O 13.Rg5 Qd8 14.Nc5 Bh6 15.Rg3 b5
16.Qc2 e5 17.Nd3 Qd5 18.Rc1 Ne7 19.Nxe5 Nf5 20.Qxf5 Bg7 21.Qb1 Rad8 22.Rc5 Qd6
23.Ba5 Nd5 24.f4 Rfe8 25.Qc1 f6 26.Rc6 Qe7 27.Nd3 Qe4 28.Nc5 Qh1 29.Ne6 Rd7
30.f5 gxf5 31.Nxg7 Rxg7 32.Rxg7+ Kxg7 33.Rxc7+ Nxc7 34.Qxc7+ Kg6 35.Bc3 Qe4
36.Qg3+ Kf7 37.Bg2 Qb1+ 38.Kd2 Qxa2 39.Qd6 Qa4 40.Qd7+ Kf8 41.Qxf5 Ke7
42.Qxh7+ Kd8 43.Qb7 Qc4 44.Ba5+ {#r} 1-0

[Event "It (open)"]
[Site "masterchessopen.com – Turin (Italy)"]
[Date "2010.04.24"]
[Round "5"]
[White "Ravazzolo Gaia (ITA)"]
[Black "Macario Marco (ITA)"]
[Result "0-1"]
[WhiteElo "1722"]
[BlackElo "1735"]

1.d4 Nf6 2.c4 g6 3.Nc3 d5 4.Qb3 dxc4 5.Qxc4 a6 6.Bf4 c6 7.Nf3 Bg7 8.e3 O-O
9.Be2 Nd5 10.Be5 Be6 11.Qd3 f6 12.Bg3 Nd7 13.e4 Nxc3 14.bxc3 b5 15.Nd2 Nb6
16.O-O Qd7 17.Rfd1 Rad8 18.Qc2 f5 19.exf5 Bxf5 20.Qb3+ Kh8 21.Nf3 Be6 22.Qc2
Bf5 23.Qc1 Qc8 24.Ne5 Nd7 25.Qe3 Nxe5 26.Bxe5 Qe6 27.Bf4 Qxe3 28.Bxe3 Be4
29.a4 Bc2 30.Rd2 Bxa4 31.Bf3 c5 32.dxc5 Bxc3 33.Rxd8 Rxd8 34.Rc1 b4 35.Bb7 b3
36.Be4 b2 37.Rb1 Rc8 38.h3 Bc6 39.Bd3 a5 40.Bc2 Rd8 41.Bg5 Rd7 42.Bb3 Be4
43.Be6 Bxb1 44.Bxd7 Bf5 45.Bxf5 gxf5 {#R} 0-1

[Event "Tournament (open)"]
[Site "masterchessopen.com – Salou (Spain)"]
[Date "2010.06.19"]
[Round "7"]
[White "Ampudia Asensio Jose Luis (ESP)"]
[Black "Escalante Ortega Fernando (ESP)"]
[Result "0-1"]
[WhiteElo "1688"]
[BlackElo "1879"]

1.d4 Nf6 2.c4 g6 3.Nc3 d5 4.Qb3 dxc4 5.Qxc4 Be6 6.Qd3 Nc6 7.Nf3 Bg7 8.e4 Bg4
9.d5 Nb8 10.Qb5+ Nbd7 11.Qxb7 Bxf3 12.gxf3 O-O 13.Nb5 a6 14.Na3 Ne8 15.Qc6 Ne5
16.Qc3 Nd6 17.Nc4 {#R} 0-1

[Event "Tournament (open) \"]
[Site "masterchessopen.com – Novosibirsk (Russia)"]
[Date "2010.06.21"]
[Round "5"]
[White "Misyakov Ilya (RUS)"]
[Black "Krenev Daniil (RUS)"]
[Result "1-0"]
[WhiteElo "2086"]
[BlackElo "1742"]

1.d4 Nf6 2.c4 g6 3.Nc3 d5 4.Qb3 c6 5.cxd5 Nxd5 6.e4 Nxc3 7.bxc3 Bg7 8.Bc4 O-O
9.Ne2 Nd7 10.h4 Nb6 11.h5 e5 12.hxg6 hxg6 13.Bh6 Bxh6 14.Rxh6 Qg5 15.Rh2 exd4
16.cxd4 Nxc4 17.Qxc4 Be6 18.Qc3 Qf6 19.e5 Qe7 20.Qe3 f6 21.O-O-O Qd8 22.Rdh1
Kf7 23.Rh7+ Ke8 24.Nf4 {#r} 1-0

[Event "It (a) (open)"]
[Site "masterchessopen.com – Kostroma (Russia)"]
[Round "8"]
[White "Utkin Anton (RUS)"]
[Black "Vinogradov Alexander (RUS)"]
[Result "0-1"]
[WhiteElo "1778"]
[BlackElo "1977"]

1.d4 Nf6 2.c4 g6 3.Nc3 d5 4.Qb3 dxc4 5.Qxc4 Bg7 6.e4 c6 7.Nf3 Be6 8.Qd3 Na6
9.Be2 h6 10.O-O O-O 11.Rd1 Nc7 12.Bf4 Nh5 13.Bxc7 Qxc7 14.Rac1 Nf4 15.Qe3
Nxe2+ 16.Qxe2 Qa5 17.d5 Bg4 18.dxc6 bxc6 19.a3 Rad8 20.h3 Be6 21.Qc2 Qb6 22.b4
Rxd1+ 23.Rxd1 Rd8 24.Na4 Rxd1+ 25.Qxd1 Qa6 26.Ne1 Bc4 27.Nc5 Qxa3 28.Qd8+ Kh7
29.Qd1 Qxb4 {#R} 0-1

[Event "It (open)"]
[Site "masterchessopen.com – Oberwart (Austria)"]
[Date "2010.07.13"]
[Round "4"]
[White "Fauland Alexander (AUT)"]
[Black "Flumbort Andras (HUN)"]
[Result "1-0"]
[WhiteElo "2436"]
[BlackElo "2550"]

1.d4 Nf6 2.c4 g6 3.Nc3 d5 4.Qb3 dxc4 5.Qxc4 Bg7 6.Bf4 c6 7.e4 O-O 8.Rd1 b5
9.Qb3 Qa5 10.Bd3 Be6 11.Qa3 Qb6 12.Qxe7 Nbd7 13.Be3 Rfe8 14.Qd6 Ng4 15.Qg3
Nxe3 16.fxe3 Qa5 17.a3 c5 18.Ne2 cxd4 19.exd4 b4 20.axb4 Qxb4 21.Bb5 a6 22.Bc6
Rad8 23.d5 Bg4 24.Qxg4 Ne5 25.Qf4 Nxc6 26.dxc6 Rxd1+ 27.Kxd1 Qb3+ 28.Kc1 Rb8
29.Qd2 Qb6 30.Rf1 Qxc6 31.Rf3 a5 32.Rd3 Qc7 33.g3 a4 34.Rd7 Qb6 35.Nxa4 Qc6+
36.Nac3 Qa8 37.Kb1 {#r} 1-0

[Event "It (open)"]
[Site "masterchessopen.com – Pardubice (Czech Republic)"]
[Date "2010.07.30"]
[Round "8"]
[White "Zakhartsov Viacheslav V (RUS)"]
[Black "Zaslavsky Michael (ISR)"]
[Result "1-0"]
[WhiteElo "2610"]
[BlackElo "2435"]

1.d4 Nf6 2.c4 g6 3.Nc3 d5 4.Qb3 dxc4 5.Qxc4 Bg7 6.e4 O-O 7.Be2 a6 8.Bf4 b5
9.Qxc7 b4 10.Qxd8 Rxd8 11.Na4 Bb7 12.Nb6 Ra7 13.f3 Nfd7 14.Nxd7 Nxd7 15.Be3 f5
16.exf5 gxf5 17.Bc4+ Kh8 18.Be6 f4 19.Bxf4 Nf8 20.Bb3 Bxd4 21.Rd1 Ng6 22.Bc7
Rc8 23.Rxd4 Rxc7 24.Ne2 a5 25.Kd2 Ba6 26.Rc1 Rd7 27.Be6 Rxd4+ 28.Nxd4 Nf4
29.Rc5 a4 30.Ra5 Nxe6 31.Nxe6 Rd7+ 32.Ke1 Rd6 33.Nc5 Bc4 34.Rxa4 Rd5 35.Ne4
Rd3 36.b3 Re3+ 37.Kd2 Re2+ 38.Kd1 Bd3 39.Nc5 {#r} 1-0

[Event "It (open)"]
[Site "masterchessopen.com – Kavala (Greece)"]
[Round "2"]
[White "David Alberto (LUX)"]
[Black "Deepan Chakkravarthy J (IND)"]
[Result "1-0"]
[WhiteElo "2589"]
[BlackElo "2480"]

1.d4 Nf6 2.c4 g6 3.Nc3 d5 4.Qb3 dxc4 5.Qxc4 a6 6.Bf4 c6 7.Nf3 Bg7 8.e4 O-O
9.Be2 a5 10.O-O b5 11.Qd3 Nbd7 12.e5 Nd5 13.Nxd5 cxd5 14.Qe3 b4 15.e6 Nb6
16.exf7+ Rxf7 17.b3 Bg4 18.Ng5 Bxe2 19.Nxf7 Kxf7 20.Qxe2 Bxd4 21.Rae1 Qd7
22.Be3 Bxe3 23.fxe3+ Kg8 24.Qf2 Qe6 25.e4 dxe4 26.Qd4 Nd5 27.Rxe4 Qc6 28.Re5
e6 29.Qg4 Re8 30.h4 Qb6+ 31.Rf2 Kg7 32.Qf3 Qc7 33.Rxe6 {#r} 1-0

[Event "Ch France (play-off)"]
[Site "masterchessopen.com – Belfort (France)"]
[Date "2010.08.21"]
[Round "2"]
[White "Fressinet Laurent (FRA)"]
[Black "Edouard Romain (FRA)"]
[Result "1-0"]
[WhiteElo "2718"]
[BlackElo "2636"]

1.d4 Nf6 2.c4 g6 3.Nc3 d5 4.Qb3 dxc4 5.Qxc4 Bg7 6.e4 O-O 7.Be2 a6 8.Bf4 b5
9.Qxc7 Qxc7 10.Bxc7 Bb7 11.f3 Nc6 12.d5 Nd4 13.Rd1 Nd7 14.Bd3 Nc5 15.Nge2 Nxe2
16.Bxe2 b4 17.Nb1 Rfc8 18.Ba5 Na4 19.O-O Nxb2 20.Rc1 Bd4+ 21.Kh1 Be3 22.Rxc8+
Rxc8 23.Bxb4 Rc2 24.Re1 Bf2 25.Na3 Rc7 26.Rb1 Bd4 27.Ba5 Rc8 28.Bd2 f5 29.h4
e6 30.d6 Kf7 31.Bc1 {#r} 1-0

[Event "It (open)"]
[Site "masterchessopen.com – Bratto (Italy)"]
[Date "2010.08.22"]
[Round "3"]
[White "Landa Konstantin (RUS)"]
[Black "Marin Mihail (ROM)"]
[Result "1-0"]
[WhiteElo "2611"]
[BlackElo "2562"]

1.d4 Nf6 2.c4 g6 3.Nc3 d5 4.Qb3 dxc4 5.Qxc4 Bg7 6.e4 O-O 7.Be2 Nfd7 8.Be3 Nb6
9.Qc5 e5 10.Rd1 N6d7 11.Qa3 exd4 12.Bxd4 Bxd4 13.Rxd4 Nc6 14.Rd2 Qg5 15.h4 Qc5
16.Nd5 Qxa3 17.bxa3 Nc5 18.Nxc7 Rb8 19.f3 f5 20.exf5 Bxf5 21.Nh3 Ne5 22.Nf4
Rbd8 23.Ncd5 Ned3+ 24.Nxd3 Rxd5 25.Nf4 Re5 26.Kf2 Bd7 27.g3 Bc6 28.Rhd1 Kf7
29.Bc4+ Ke7 30.Nd5+ Kd7 31.Re2 Rxe2+ 32.Bxe2 Ne4+ 33.Kg2 Nd6 34.g4 Bxd5
35.Rxd5 Rc8 36.Bd1 b6 37.Bb3 Rc5 38.Kg3 Kc6 39.Rxc5+ bxc5 40.Bg8 c4 41.Bxh7
{#r} 1-0